Understanding ActiveX and OLE (Record no. 6283)

000 -LEADER
fixed length control field 01389 a2200181 4500
020 ## - INTERNATIONAL STANDARD BOOK NUMBER
International Standard Book Number 1572312165
082 ## - DEWEY DECIMAL CLASSIFICATION NUMBER
Classification number 005.7
090 ## - LOCALLY ASSIGNED LC-TYPE CALL NUMBER (OCLC); LOCAL CALL NUMBER (RLIN)
-- 2353
-- 2353
100 10 - MAIN ENTRY--PERSONAL NAME
Personal name Chappell, David
245 10 - TITLE STATEMENT
Title Understanding ActiveX and OLE
Remainder of title : a guide for developers and managers
Statement of responsibility, etc. / David Chappell.
260 ## - PUBLICATION, DISTRIBUTION, ETC.
Place of publication, distribution, etc. Redmond, Wash.
Name of publisher, distributor, etc. : Microsoft Press
Date of publication, distribution, etc. , c1996.
300 ## - PHYSICAL DESCRIPTION
Extent xiv, 328 p.
Other physical details : ill.
Dimensions ; 23 cm.
440 #0 - SERIES STATEMENT/ADDED ENTRY--TITLE
Title Strategic technology series.
500 ## - GENERAL NOTE
General note Includes index.
520 ## - SUMMARY, ETC.
Summary, etc. It's your job to make strategic development and design decisions about new applications, Windows, the Internet, and how they all interact. To do your job even better, get Understanding ActiveX and OLE. It shows you the strategic significance of the Component Object Model (COM) as the foundation for Microsoft's object technology - and clarifies the evolution of OLE technology. It also introduces you to the new powerful ActiveX technology for the Internet. With Understanding ActiveX and OLE, you'll gain a firm conceptual grounding without extraneous details or implementation specifics. The Strategic Technology Series targets a wide audience of executives, business planners, software designers, and technical managers who need a quick, comprehensive introduction to important technologies and their implications for business.
650 #0 - SUBJECT ADDED ENTRY--TOPICAL TERM
Topical term or geographic name entry element Object-oriented programming (Computer science)
942 ## - ADDED ENTRY ELEMENTS (KOHA)
Koha item type Book
Call number prefix 005.7 CHA
Holdings
Withdrawn status Lost status Damaged status Not for loan Collection code Permanent Location Current Location Shelving location Date acquired Source of acquisition Total Checkouts Full call number Barcode Date last seen Price effective from Koha item type
          Central Library (CL) Central Library (CL) General Stacks 09/06/2001 Donation   005.7 CHA SEECS001310 11/14/2012 01/05/2017 Book
          Central Library (CL) Central Library (CL) General Stacks 09/06/2001 Donation   005.7 CHA SEECS001308 11/14/2012 01/05/2017 Book
          Central Library (CL) Central Library (CL) General Stacks 09/06/2001 Donation   005.7 CHA SEECS001309 11/14/2012 01/05/2017 Book
© 2023 Central Library, National University of Sciences and Technology. All Rights Reserved.